[Event "CZE-chT rap"]
[Site "Pardubice"]
[Date "2011.07.14"]
[Round "1"]
[White "Schwarz, Milan"]
[Black "Andreev, Eduard"]
[Result "0-1"]
[WhiteElo "2105"]
[BlackElo "2458"]
[PlyCount "66"]
[EventDate "2011.07.14"]
[EventType "team-swiss"]
[EventRounds "7"]
[EventCountry "CZE"]
[SourceTitle "CBM 143 Extra"]
[Source "ChessBase"]
[SourceDate "2011.08.29"]
[SourceVersion "1"]
[SourceVersionDate "2011.08.29"]
[SourceQuality "1"]

1. c4 c5 2. g3 Nc6 3. Bg2 g6 4. Nc3 Bg7 5. e3 e5 6. Nge2 Nge7 7. 0-0 0-0 8. a3 d6 9. Rb1 a5 10. d3 Rb8 11. Bd2 Be6 12. Nd5 b5 13. b3 f5 14. Qc2 Bf7 15. Nec3 b4 16. axb4 axb4 17. Ne2 Nxd5 18. cxd5 Na7 19. f4 Nb5 20. Rbe1 Qb6 21. Kh1 Na3 22. Qd1 Qb7 23. e4 fxe4 24. dxe4 c4 25. f5 gxf5 26. Rxf5 Bg6 27. Rff1 Qb5 28. Nc1 cxb3 29. Nxb3 Qa4 30. Bc1 Nb5 31. Qd3 Rfc8 32. Bb2 Rc3 33. Bxc3 Qxb3 0-1

[Event "CZE-chT2D 1011"]
[Site "Czech Republic"]
[Date "2011.03.06"]
[Round "9.5"]
[White "Schwarz, Milan"]
[Black "Trhal, Tomas"]
[Result "1/2-1/2"]
[WhiteElo "2129"]
[BlackElo "2035"]
[PlyCount "61"]
[EventDate "2010.10.17"]
[EventType "team-tourn"]
[EventRounds "11"]
[EventCountry "CZE"]
[SourceTitle "EXT 2012"]
[Source "ChessBase"]
[SourceDate "2011.11.24"]
[SourceVersion "1"]
[SourceVersionDate "2011.11.24"]
[SourceQuality "1"]
[WhiteTeam "Brno Duras II"]
[BlackTeam "Vysoke Myto"]
[WhiteTeamCountry "CZE"]
[BlackTeamCountry "CZE"]

1. c4 Nf6 2. g3 e5 3. Bg2 Nc6 4. Nc3 Be7 5. e3 0-0 6. Nge2 d5 7. Nxd5 Nxd5 8. cxd5 Nb4 9. 0-0 Nxd5 10. d4 exd4 11. Nxd4 c6 12. Qb3 Qb6 13. Bxd5 cxd5 14. Qxb6 axb6 15. Rd1 Bf6 16. f3 Bxd4 17. Rxd4 Be6 18. Rb4 Rfc8 19. Bd2 Rc2 20. Bc3 Bh3 21. Rd4 Rg2+ 22. Kh1 Re2 23. Rxd5 Bg2+ 24. Kg1 Bxf3 25. Rd2 Rxd2 26. Bxd2 Rc8 27. Bc3 g5 28. h3 h5 29. Kf2 g4 30. hxg4 hxg4 31. Rc1 1/2-1/2

[Event "CZE-chT2D 1011"]
[Site "Czech Republic"]
[Date "2011.01.23"]
[Round "6"]
[White "Vincze, Roman"]
[Black "Schwarz, Milan"]
[Result "1/2-1/2"]
[WhiteElo "2077"]
[BlackElo "2129"]
[PlyCount "81"]
[EventDate "2010.10.17"]
[EventType "team-tourn"]
[EventRounds "11"]
[EventCountry "CZE"]
[SourceTitle "EXT 2012"]
[Source "ChessBase"]
[SourceDate "2011.11.24"]
[SourceVersion "1"]
[SourceVersionDate "2011.11.24"]
[SourceQuality "1"]
[WhiteTeam "Bedrichov"]
[BlackTeam "Brno Duras II"]
[WhiteTeamCountry "CZE"]
[BlackTeamCountry "CZE"]

1. d4 Nf6 2. Bg5 Ne4 3. Bf4 d5 4. Nd2 Nxd2 5. Qxd2 Bf5 6. e3 Nd7 7. Nf3 e6 8. Be2 Nf6 9. 0-0 Be7 10. c4 0-0 11. h3 Ne4 12. Qa5 c6 13. Qxd8 Rfxd8 14. Rfd1 g5 15. Bh2 g4 16. hxg4 Bxg4 17. Kf1 f6 18. Rac1 h5 19. Nh4 Bxe2+ 20. Kxe2 Kf7 21. f3 Ng5 22. cxd5 Rxd5 23. Bg3 Rad8 24. Bf2 f5 25. g3 Rb5 26. Rc2 Rg8 27. Rh1 Nh7 28. Ng2 Nf6 29. Nf4 Bd6 30. b3 Rh8 31. Nd3 Nd5 32. f4 Nf6 33. Kf3 Ne4 34. Be1 Rh7 35. Rch2 Nf6 36. Bc3 Ke7 37. Be1 Kd8 38. Bc3 Kc7 39. Be1 Ba3 40. Bc3 Bd6 41. Be1 1/2-1/2

[Event "CZE-chT2D 0910"]
[Site "Czech Republic"]
[Date "2010.01.31"]
[Round "6.7"]
[White "Schwarz, Milan"]
[Black "Trojan, Lubos"]
[Result "1-0"]
[WhiteElo "2091"]
[BlackElo "2060"]
[PlyCount "83"]
[EventDate "2009.10.18"]
[EventType "team-tourn"]
[EventRounds "11"]
[EventCountry "CZE"]
[SourceTitle "EXT 2012"]
[Source "ChessBase"]
[SourceDate "2011.11.24"]
[SourceVersion "1"]
[SourceVersionDate "2011.11.24"]
[SourceQuality "1"]
[WhiteTeam "Brno Duras II"]
[BlackTeam "Polabiny II"]
[WhiteTeamCountry "CZE"]
[BlackTeamCountry "CZE"]

1. c4 Nf6 2. g3 d5 3. cxd5 Qxd5 4. Nf3 c6 5. Bg2 e5 6. Nc3 Qd6 7. 0-0 Be7 8. a3 0-0 9. d3 Nbd7 10. b4 Re8 11. Nd2 Nd5 12. Bb2 Nxc3 13. Bxc3 Bf8 14. Qb3 Qe6 15. Qxe6 Rxe6 16. Nc4 f6 17. b5 Nb6 18. bxc6 bxc6 19. Ne3 Bc5 20. Rfc1 Bd4 21. Rab1 Ba6 22. Bb4 Rd8 23. Bxc6 Bxe3 24. fxe3 Rc8 25. Bg2 Ree8 26. Kf2 Red8 27. Bh3 Rxc1 28. Rxc1 Bc8 29. Bxc8 Rxc8 30. Rxc8+ Nxc8 31. Bc5 Kf7 32. Ke1 Ke6 33. Kd2 Kf5 34. h3 h5 35. e4+ Ke6 36. e3 g6 37. d4 f5 38. d5+ Kf6 39. Kd3 h4 40. gxh4 f4 41. exf4 exf4 42. Ke2 1-0

[Event "CZE-chT2D 0910"]
[Site "Czech Republic"]
[Date "2009.12.06"]
[Round "4.3"]
[White "Schwarz, Milan"]
[Black "Pekarkova, Eva"]
[Result "1-0"]
[WhiteElo "2091"]
[BlackElo "1954"]
[PlyCount "139"]
[EventDate "2009.10.18"]
[EventType "team-tourn"]
[EventRounds "11"]
[EventCountry "CZE"]
[SourceTitle "EXT 2012"]
[Source "ChessBase"]
[SourceDate "2011.11.24"]
[SourceVersion "1"]
[SourceVersionDate "2011.11.24"]
[SourceQuality "1"]
[WhiteTeam "Brno Duras II"]
[BlackTeam "Brno Lokomotiva II"]
[WhiteTeamCountry "CZE"]
[BlackTeamCountry "CZE"]

1. c4 Nf6 2. g3 g6 3. Bg2 c5 4. Nc3 Bg7 5. e3 0-0 6. Nge2 Nc6 7. d4 d6 8. 0-0 Bd7 9. b3 Ne8 10. Bb2 e5 11. Nd5 Nc7 12. Qd2 Ne6 13. dxc5 dxc5 14. Rad1 Be8 15. Qc1 Qg5 16. f4 exf4 17. Nexf4 Ncd8 18. Nxe6 Nxe6 19. Nf6+ Kh8 20. Bxb7 Rb8 21. Bd5 Nd8 22. Rf4 h5 23. Rdf1 a5 24. Nxe8 Rxe8 25. Bxg7+ Kxg7 26. Bxf7 Nxf7 27. Rxf7+ Kg8 28. Qc3 Qxe3+ 29. Qxe3 Rxe3 30. Ra7 Re6 31. Rxa5 Re5 32. Ra7 Rbe8 33. Rf6 g5 34. Rg6+ Kf8 35. Rf6+ Kg8 36. h3 Re1+ 37. Kg2 R1e2+ 38. Rf2 R2e5 39. Rc7 g4 40. hxg4 hxg4 41. Rcf7 R8e6 42. R7f4 Rg6 43. Rf5 Rg5 44. Rxg5+ Rxg5 45. Rf4 Kg7 46. Kf2 Kh6 47. Ke3 Re5+ 48. Re4 Rg5 49. Kf4 Rg8 50. Re5 Ra8 51. Rxc5 Rxa2 52. Kxg4 Rb2 53. Rc6+ Kg7 54. Rb6 Rd2 55. c5 Rd4+ 56. Kh3 Rd3 57. b4 Kf7 58. Kh4 Rd1 59. g4 Rd5 60. Rd6 Re5 61. c6 Re8 62. b5 Ke7 63. Rd7+ Ke6 64. b6 Rc8 65. b7 Rxc6 66. b8Q Kxd7 67. g5 Rc4+ 68. Kh5 Ke7 69. Qe5+ Kf8 70. Qf6+ 1-0

[Event "CZE-chT2D 0809"]
[Site "Czech Republic"]
[Date "2009.02.08"]
[Round "8.3"]
[White "Hajek, Jiri"]
[Black "Schwarz, Milan"]
[Result "1/2-1/2"]
[WhiteElo "2190"]
[BlackElo "2074"]
[PlyCount "77"]
[EventDate "2008.10.12"]
[EventType "team-tourn"]
[EventRounds "11"]
[EventCountry "CZE"]
[SourceTitle "EXT 2010"]
[Source "ChessBase"]
[SourceDate "2010.11.25"]
[SourceVersion "1"]
[SourceVersionDate "2010.11.25"]
[SourceQuality "1"]

1. d4 Nf6 2. c4 g6 3. Nc3 Bg7 4. e4 d6 5. Nf3 0-0 6. Be2 e5 7. dxe5 dxe5 8. Qxd8 Rxd8 9. Bg5 c6 10. 0-0 Re8 11. Rfd1 Nbd7 12. b4 h6 13. Be3 Ng4 14. Nd2 Nxe3 15. fxe3 Bf8 16. Rab1 a5 17. b5 Nc5 18. Nb3 f5 19. Bf3 f4 20. exf4 Be6 21. bxc6 bxc6 22. fxe5 Bxc4 23. Rd6 Bxd6 24. exd6 Bxb3 25. axb3 Rad8 26. Rd1 Re6 27. e5 Rxe5 28. Bxc6 Kg7 29. Nb5 Nd7 30. Nc7 Nf6 31. g3 Kf7 32. Bb5 g5 33. Bc4+ Kg6 34. Ne6 Re8 35. d7 Nxd7 36. Rxd7 R5xe6 37. Bxe6 Rxe6 38. Rd5 Rb6 39. Rxa5 1/2-1/2

[Event "Hradec Kralove Region-chT 0506"]
[Site "Czech Republic"]
[Date "2005.10.23"]
[Round "1.1"]
[White "Schwarz, Milan"]
[Black "Ringel, Zbynek"]
[Result "1/2-1/2"]
[WhiteElo "2080"]
[BlackElo "2230"]
[PlyCount "79"]
[EventDate "2005.10.23"]
[EventType "team-tourn"]
[EventRounds "11"]
[EventCountry "CZE"]
[SourceTitle "EXT 2024"]
[Source "ChessBase"]
[SourceDate "2023.10.10"]
[SourceVersion "1"]
[SourceVersionDate "2023.10.10"]
[SourceQuality "1"]
[WhiteTeam "Dvur Kralove nad Labem"]
[BlackTeam "Nachod Sokol"]
[WhiteTeamCountry "CZE"]
[BlackTeamCountry "CZE"]

1. c4 e5 2. g3 Nf6 3. Bg2 Nc6 4. Nc3 Bb4 5. Nf3 0-0 6. 0-0 Bxc3 7. bxc3 d6 8. Rb1 h6 9. d3 Rb8 10. Ne1 Bg4 11. Nc2 Qd7 12. Re1 Bh3 13. Bh1 Nh7 14. Nb4 Nd8 15. d4 Re8 16. Be3 a5 17. Nd5 c6 18. Nb6 Qf5 19. c5 dxc5 20. dxe5 Ne6 21. Qc1 f6 22. Nd7 Rbd8 23. Rxb7 fxe5 24. Nxc5 Nxc5 25. Bxc5 Nf6 26. Qb2 e4 27. Bd4 Nd7 28. c4 Re7 29. e3 Rf8 30. Rd1 Rff7 31. Rd2 Bg4 32. Bg2 h5 33. Qb1 Re8 34. Bc3 a4 35. Bb4 Ne5 36. Rxf7 Nxf7 37. Bc3 Ng5 38. Qb7 Qg6 39. Qc7 Rf8 40. Rd6 1/2-1/2

[Event "Nachod op 8th"]
[Site "Nachod"]
[Date "2002.??.??"]
[Round "4"]
[White "Pochop, Karel Jr"]
[Black "Schwarz, Milan"]
[Result "1-0"]
[WhiteElo "1645"]
[BlackElo "1880"]
[PlyCount "51"]
[EventDate "2002.??.??"]
[EventType "swiss"]
[EventRounds "9"]
[EventCountry "CZE"]
[SourceTitle "EXT 2007"]
[Source "ChessBase"]
[SourceDate "2006.11.23"]
[SourceVersion "1"]
[SourceVersionDate "2006.11.23"]
[SourceQuality "1"]

1. d4 Nf6 2. c4 g6 3. Nc3 Bg7 4. e4 d6 5. Nge2 0-0 6. Bg5 Nbd7 7. Qd2 c6 8. Ng3 Qc7 9. Rc1 e5 10. d5 Nc5 11. b4 Na6 12. a3 Ne8 13. c5 dxc5 14. Bxa6 bxa6 15. dxc6 f6 16. Nd5 Qf7 17. Be3 cxb4 18. Bc5 bxa3 19. Bxa3 Nc7 20. Bxf8 Bxf8 21. Nxc7 Qxc7 22. Qd5+ Qf7 23. Qd8 Kg7 24. 0-0 Be7 25. c7 Bb7 26. Qxa8 1-0

[Event "Nachod op 8th"]
[Site "Nachod"]
[Date "2002.??.??"]
[Round "2"]
[White "Schwarz, Milan"]
[Black "Jirkovsky, Tomas"]
[Result "0-1"]
[WhiteElo "1880"]
[BlackElo "2045"]
[PlyCount "138"]
[EventDate "2002.??.??"]
[EventType "swiss"]
[EventRounds "9"]
[EventCountry "CZE"]
[SourceTitle "EXT 2007"]
[Source "ChessBase"]
[SourceDate "2006.11.23"]
[SourceVersion "1"]
[SourceVersionDate "2006.11.23"]
[SourceQuality "1"]

1. c4 Nf6 2. g3 g6 3. Bg2 Bg7 4. Nc3 0-0 5. d3 c5 6. Nf3 e6 7. 0-0 d5 8. Qc2 d4 9. Ne4 Nxe4 10. dxe4 e5 11. Bd2 Qe7 12. Ne1 Nc6 13. Nd3 Be6 14. Rab1 Rfc8 15. a3 Nd8 16. f4 f6 17. f5 Bf7 18. g4 g5 19. h4 h6 20. Rf3 a6 21. a4 b6 22. Rbf1 Rc6 23. b3 Rb8 24. Nb2 b5 25. axb5 axb5 26. cxb5 Rxb5 27. Nc4 Nb7 28. hxg5 hxg5 29. Ra1 Nd6 30. Ra8+ Bf8 31. Rf1 Qb7 32. Rfa1 Nxc4 33. bxc4 Rb2 34. Qc1 Rcb6 35. Kf2 Rb1 36. Rxb1 Rxb1 37. Qa3 Bxc4 38. Rxf8+ Kxf8 39. Qxc5+ Kg7 40. Qxc4 Qb6 41. Bf1 Qb7 42. Bg2 Rb2 43. Be1 Rb4 44. Qd5 Qa7 45. Qd6 Rb6 46. Qc5 Rb7 47. Qxa7 Rxa7 48. Bf1 Ra1 49. Bd2 Ra2 50. Bb4 Rb2 51. Ba5 Kf7 52. Kf3 Ke7 53. Kg3 Kd7 54. Kf3 Rb3+ 55. Kf2 Ra3 56. Bb4 Ra8 57. e3 Ra2+ 58. Kf3 Rb2 59. Bc5 Rb3 60. Ke2 Rxe3+ 61. Kd2 Rxe4 62. Bb5+ Kd8 63. Be2 Re3 64. Bd3 Rf3 65. Be2 Rc3 66. Bb4 Rb3 67. Ba5+ Ke8 68. Bd3 Kf8 69. Ke2 Kg7 0-1

[Event "Nachod op 8th"]
[Site "Nachod"]
[Date "2002.??.??"]
[Round "9"]
[White "Stanczyk, Lech"]
[Black "Schwarz, Milan"]
[Result "1-0"]
[WhiteElo "2110"]
[BlackElo "1880"]
[PlyCount "145"]
[EventDate "2002.??.??"]
[EventType "swiss"]
[EventRounds "9"]
[EventCountry "CZE"]
[SourceTitle "EXT 2007"]
[Source "ChessBase"]
[SourceDate "2006.11.23"]
[SourceVersion "1"]
[SourceVersionDate "2006.11.23"]
[SourceQuality "1"]

1. c4 Nf6 2. g3 g6 3. b3 Bg7 4. Bb2 0-0 5. Nf3 c6 6. Bg2 d5 7. 0-0 Nbd7 8. e3 Re8 9. d4 Ne4 10. Nfd2 Ndf6 11. h3 h5 12. Nc3 Bf5 13. Kh2 Qd6 14. Rc1 a6 15. cxd5 cxd5 16. Ndxe4 dxe4 17. Qc2 Rac8 18. Qb1 Rxc3 19. Rxc3 h4 20. Qe1 Nh5 21. Rc5 b6 22. Re5 f6 23. Rxe4 Bxe4 24. Bxe4 Kf7 25. Rg1 Rh8 26. Qe2 b5 27. Qc2 f5 28. Bf3 hxg3+ 29. fxg3 Nf6 30. Qe2 g5 31. Rf1 g4 32. Bxg4 fxg4 33. Qxg4 Qe6 34. Qxe6+ Kxe6 35. Kg2 Bh6 36. Kf3 Nd5 37. e4 Ne3 38. Re1 Rf8+ 39. Ke2 Kd7 40. d5 Ng2 41. Rd1 Be3 42. Rf1 Rc8 43. Kd3 Rg8 44. Rf3 Bh6 45. Ke2 Ne3 46. Bc1 Ng4 47. Bxh6 Nxh6 48. g4 Rg7 49. Ke3 Nf7 50. Rg3 e5 51. dxe6+ Kxe6 52. h4 Rh7 53. g5 Rxh4 54. g6 Nh6 55. Rg5 Rg4 56. Rxg4 Nxg4+ 57. Kd4 Ne5 58. g7 Nc6+ 59. Kc5 Ne7 60. Kb6 Kd6 61. Kxa6 Kc6 62. a3 Ng8 63. e5 Ne7 64. e6 Ng8 65. Ka5 Kc5 66. b4+ Kc6 67. a4 bxa4 68. b5+ Kc7 69. Kxa4 Ne7 70. Kb4 Kd6 71. b6 Kxe6 72. b7 Kf7 73. Kc5 1-0

[Event "Schneider Bohemia op-B"]
[Site "Plzen"]
[Date "2001.??.??"]
[Round "1.2"]
[White "Honzl, O."]
[Black "Schwarz, Milan"]
[Result "0-1"]
[WhiteElo "1394"]
[BlackElo "1914"]
[PlyCount "66"]
[EventDate "2001.08.??"]
[EventType "swiss"]
[EventRounds "9"]
[EventCountry "CZE"]
[SourceTitle "EXT 2002"]
[Source "ChessBase"]
[SourceDate "2001.11.25"]
[SourceVersion "1"]
[SourceVersionDate "2001.11.25"]
[SourceQuality "1"]

1. e4 c5 2. Nf3 d6 3. d4 cxd4 4. Nxd4 Nf6 5. Nc3 a6 6. Be2 e6 7. 0-0 Nbd7 8. f4 Qc7 9. Be3 b5 10. a3 Bb7 11. Bf3 Be7 12. Nb3 Rc8 13. Rc1 0-0 14. Qe1 Nb6 15. Qf2 Nc4 16. Kh1 Nxb2 17. Bb6 Qxc3 18. Bd4 Qc7 19. Bxb2 Nxe4 20. Bxe4 Bxe4 21. Qg3 Bg6 22. f5 exf5 23. Rxf5 Rfe8 24. Nd4 Bf8 25. Rff1 d5 26. Qg5 Re5 27. Qf4 Bd6 28. Nf3 Rh5 29. Qd4 f6 30. g4 Rh3 31. Qxd5+ Bf7 32. Qd2 Qc6 33. Qg2 Rxf3 0-1

[Event "Schneider Bohemia op-B"]
[Site "Plzen"]
[Date "2001.??.??"]
[Round "8.3"]
[White "Kralovec, Vaclav"]
[Black "Schwarz, Milan"]
[Result "0-1"]
[WhiteElo "1810"]
[BlackElo "1914"]
[PlyCount "105"]
[EventDate "2001.08.??"]
[EventType "swiss"]
[EventRounds "9"]
[EventCountry "CZE"]
[SourceTitle "EXT 2002"]
[Source "ChessBase"]
[SourceDate "2001.11.25"]
[SourceVersion "1"]
[SourceVersionDate "2001.11.25"]
[SourceQuality "1"]

1. e4 c5 2. Nc3 d6 3. f4 g6 4. Nf3 Bg7 5. Bc4 e6 6. 0-0 Nc6 7. a3 Nge7 8. Qe1 0-0 9. f5 exf5 10. d3 Ne5 11. Nxe5 dxe5 12. Bg5 h6 13. Bh4 g5 14. Bf2 b6 15. h4 g4 16. exf5 Bxf5 17. Bg3 e4 18. dxe4 Qd4+ 19. Kh1 Be6 20. Bxe6 fxe6 21. Qe2 h5 22. Rad1 Rxf1+ 23. Rxf1 Rf8 24. Rxf8+ Kxf8 25. Qf1+ Kg8 26. Qf4 Qf6 27. Nd1 Qxf4 28. Bxf4 Nc6 29. c3 b5 30. Kg1 Bf6 31. g3 Ne5 32. Bxe5 Bxe5 33. Kf2 a5 34. Ne3 Kf7 35. Ng2 Bh8 36. Nf4 c4 37. Ke3 b4 38. cxb4 axb4 39. axb4 Bxb2 40. Kd2 Bd4 41. b5 Bf2 42. Ne2 Kf6 43. Kc3 Ke5 44. Kxc4 Kxe4 45. b6 Bxb6 46. Nf4 e5 47. Nxh5 Kf3 48. Nf6 e4 49. h5 Bd8 50. Nd5 Bg5 51. Kd4 e3 52. Nxe3 Bxe3+ 53. Ke5 0-1

[Event "Schneider Bohemia op-B"]
[Site "Plzen"]
[Date "2001.??.??"]
[Round "4.7"]
[White "Schwarz, Milan"]
[Black "Fastova, Karolina"]
[Result "1-0"]
[WhiteElo "1914"]
[BlackElo "1483"]
[PlyCount "131"]
[EventDate "2001.08.??"]
[EventType "swiss"]
[EventRounds "9"]
[EventCountry "CZE"]
[SourceTitle "EXT 2002"]
[Source "ChessBase"]
[SourceDate "2001.11.25"]
[SourceVersion "1"]
[SourceVersionDate "2001.11.25"]
[SourceQuality "1"]

1. c4 c5 2. Nf3 Nc6 3. Nc3 Nf6 4. d4 cxd4 5. Nxd4 e5 6. Nc2 h6 7. e4 b6 8. Be2 Bb7 9. 0-0 Bc5 10. Be3 0-0 11. Qd2 a6 12. Rfd1 Qe7 13. f3 Kh7 14. Rac1 Rad8 15. Nd5 Nxd5 16. cxd5 Na7 17. b4 Bxe3+ 18. Nxe3 Nc8 19. Nf5 Qf6 20. Rc7 Ba8 21. Bxa6 Nd6 22. Nxd6 Qxd6 23. Rdc1 b5 24. Bb7 Bxb7 25. Rxb7 Rb8 26. Rxb8 Rxb8 27. Rc5 Qb6 28. Qf2 Ra8 29. Rc2 Qa6 30. Qc5 f6 31. h3 Rb8 32. Qc7 Rb7 33. Qd8 Qa4 34. Rc8 Qd1+ 35. Kh2 Qd2 36. Qg8+ Kg6 37. Qe8+ Kh7 38. Qh8+ Kg6 39. Qe8+ Kh7 40. Qh5 Qf4+ 41. Kh1 g6 42. Qg4 Qd2 43. a3 Qe3 44. Re8 Qc1+ 45. Kh2 Qf4+ 46. Qxf4 exf4 47. Re7+ Kg8 48. Re8+ Kf7 49. Ra8 Ke7 50. Ra6 d6 51. h4 h5 52. g3 fxg3+ 53. Kxg3 Kd7 54. Ra8 Ke7 55. Rh8 Rd7 56. Rb8 Ra7 57. Rxb5 Rxa3 58. Rb7+ Kf8 59. Rd7 Ra6 60. Rb7 Ra1 61. b5 g5 62. Rd7 gxh4+ 63. Kxh4 Rh1+ 64. Kg3 h4+ 65. Kg2 Rb1 66. Rxd6 1-0

[Event "CZE-chTV 0001"]
[Site "Czech Republic"]
[Date "2001.??.??"]
[Round "7"]
[White "Schwarz, Milan"]
[Black "Jirk, Ales"]
[Result "1-0"]
[WhiteElo "1920"]
[BlackElo "1855"]
[PlyCount "70"]
[EventDate "2000.??.??"]
[EventType "team"]
[EventRounds "11"]
[EventCountry "CZE"]
[SourceTitle "EXT 2003"]
[Source "ChessBase"]
[SourceDate "2002.11.25"]
[SourceVersion "1"]
[SourceVersionDate "2002.11.25"]
[SourceQuality "1"]

1. c4 Nf6 2. g3 e5 3. Bg2 Nc6 4. d3 Bc5 5. Nc3 d6 6. Nf3 Bf5 7. 0-0 Qd7 8. a3 Bh3 9. b4 Bb6 10. Na4 0-0 11. Bb2 Rfe8 12. Rc1 Bxg2 13. Kxg2 Ng4 14. c5 dxc5 15. Nxc5 Bxc5 16. Rxc5 Rad8 17. Qc2 Qd6 18. Rc1 Rd7 19. b5 Nd4 20. Bxd4 exd4 21. Rxc7 Rxc7 22. Qxc7 Qxa3 23. Nxd4 h6 24. Rc2 Qb4 25. Qc5 Qa4 26. Nf5 Nf6 27. Nd6 b6 28. Qc7 Rf8 29. Rc4 Qa2 30. Qe7 Nd5 31. Qe5 Nf6 32. Nf5 Re8 33. Nxh6+ gxh6 34. Qxf6 Qxe2 35. Qxh6 Qxd3 1-0

[Event "CZE-chTV 0001"]
[Site "Czech Republic"]
[Date "2001.??.??"]
[Round "7"]
[White "Soukup, Vaclav"]
[Black "Schwarz, Milan"]
[Result "1-0"]
[WhiteElo "2065"]
[BlackElo "1920"]
[PlyCount "63"]
[EventDate "2000.??.??"]
[EventType "team"]
[EventRounds "11"]
[EventCountry "CZE"]
[SourceTitle "EXT 2003"]
[Source "ChessBase"]
[SourceDate "2002.11.25"]
[SourceVersion "1"]
[SourceVersionDate "2002.11.25"]
[SourceQuality "1"]

1. c4 Nf6 2. Nc3 g6 3. e4 d6 4. d4 Bg7 5. f3 0-0 6. Be3 e5 7. d5 c6 8. Bd3 a6 9. a4 Nbd7 10. b4 a5 11. dxc6 bxc6 12. b5 Bb7 13. Nge2 Nb6 14. 0-0 Rb8 15. bxc6 Bxc6 16. Nd5 Nfd7 17. Nxb6 Nxb6 18. Nc3 Nd7 19. Nb5 Nc5 20. Bc2 Bxb5 21. cxb5 Qe7 22. Qd2 Ra8 23. Rfd1 Rfd8 24. Ra3 Bf6 25. Bb3 Nxb3 26. Rxb3 Qb7 27. Qd5 Qd7 28. Rc3 Be7 29. Rdc1 Rdc8 30. Rc6 Kg7 31. Bb6 h5 32. Rc7 1-0

[Event "Schneider Bohemia op-B"]
[Site "Plzen"]
[Date "2001.??.??"]
[Round "3.2"]
[White "Straka, Vojtech"]
[Black "Schwarz, Milan"]
[Result "1-0"]
[WhiteElo "1614"]
[BlackElo "1914"]
[PlyCount "77"]
[EventDate "2001.08.??"]
[EventType "swiss"]
[EventRounds "9"]
[EventCountry "CZE"]
[SourceTitle "EXT 2002"]
[Source "ChessBase"]
[SourceDate "2001.11.25"]
[SourceVersion "1"]
[SourceVersionDate "2001.11.25"]
[SourceQuality "1"]

1. e4 c5 2. Nc3 d6 3. g3 Nc6 4. Bg2 g6 5. f4 Bg7 6. Nf3 e6 7. 0-0 Nge7 8. d3 0-0 9. Be3 Nd4 10. e5 Nef5 11. Bf2 Nxf3+ 12. Qxf3 Nd4 13. Qd1 dxe5 14. fxe5 Bxe5 15. Ne4 Qc7 16. c3 Nf5 17. Nxc5 Rd8 18. d4 Bg7 19. g4 Ne7 20. Bg3 Qb6 21. Qf3 Nd5 22. Qxf7+ Kh8 23. Bxd5 exd5 24. Bc7 Rf8 25. Qxf8+ Bxf8 26. Bxb6 Kg8 27. Bc7 b6 28. Nd3 Bxg4 29. Ne5 Bf5 30. Nf3 Bh6 31. Rae1 Rc8 32. Bg3 Be4 33. Ne5 Bf5 34. Bf4 Bg7 35. Rf3 b5 36. Rfe3 Bf6 37. Nd3 Kf7 38. Nc5 h5 39. Nb7 1-0

[Event "CZE-chTV 0001"]
[Site "Czech Republic"]
[Date "2000.??.??"]
[Round "8"]
[White "Korol, Jiri"]
[Black "Schwarz, Milan"]
[Result "1-0"]
[WhiteElo "2135"]
[BlackElo "1920"]
[PlyCount "87"]
[EventDate "2000.??.??"]
[EventType "team"]
[EventRounds "11"]
[EventCountry "CZE"]
[SourceTitle "EXT 2002"]
[Source "ChessBase"]
[SourceDate "2001.11.25"]
[SourceVersion "1"]
[SourceVersionDate "2001.11.25"]
[SourceQuality "1"]

1. e4 e5 2. Nf3 Nc6 3. Bc4 Nf6 4. d4 exd4 5. e5 d5 6. Bb5 Ne4 7. Nxd4 Bd7 8. Bxc6 bxc6 9. 0-0 c5 10. Nb3 Bc6 11. Na5 Bb5 12. c4 dxc4 13. Na3 c6 14. N5xc4 h6 15. Qe2 Ng5 16. Rd1 Qb8 17. Bxg5 hxg5 18. Nxb5 cxb5 19. Nd6+ Bxd6 20. exd6+ Kf8 21. Qe7+ Kg8 22. d7 Qxh2+ 23. Kf1 Kh7 24. Qxg5 Rad8 25. Ke2 f6 26. Qf5+ Kg8 27. Qd5+ Kf8 28. Qxc5+ Kf7 29. Qd5+ Kg6 30. Qe4+ Kf7 31. Rd5 Rhe8 32. dxe8Q+ Rxe8 33. Rd7+ Kf8 34. Qxe8+ Kxe8 35. Rxg7 Qe5+ 36. Kf1 Qxb2 37. Re1+ Kf8 38. Rxa7 Qb4 39. Rd1 Qc4+ 40. Kg1 Ke8 41. g3 Qe2 42. Rd4 Qe5 43. Rh4 f5 44. Rhh7 1-0

[Event "CZE-chTV 0001"]
[Site "Czech Republic"]
[Date "2000.??.??"]
[Round "7"]
[White "Pertl, Jaroslav"]
[Black "Schwarz, Milan"]
[Result "0-1"]
[WhiteElo "1895"]
[BlackElo "1920"]
[PlyCount "80"]
[EventDate "2000.??.??"]
[EventType "team"]
[EventRounds "11"]
[EventCountry "CZE"]
[SourceTitle "EXT 2002"]
[Source "ChessBase"]
[SourceDate "2001.11.25"]
[SourceVersion "1"]
[SourceVersionDate "2001.11.25"]
[SourceQuality "1"]

1. Nf3 Nf6 2. b3 g6 3. Bb2 Bg7 4. g3 0-0 5. Bg2 d5 6. d4 Bf5 7. 0-0 Nbd7 8. Nbd2 Ne4 9. c4 c6 10. Nh4 Ndf6 11. Nxf5 gxf5 12. Nxe4 fxe4 13. Qd2 e6 14. Rac1 Qd7 15. Rc2 Ng4 16. e3 f5 17. f3 exf3 18. Bxf3 Bh6 19. Bxg4 fxg4 20. Qd3 Rxf1+ 21. Kxf1 Rf8+ 22. Rf2 Rxf2+ 23. Kxf2 Qf7+ 24. Kg1 Qf3 25. Bc1 Kg7 26. cxd5 exd5 27. Qd2 Bg5 28. Qe1 Kf6 29. a4 h5 30. Bd2 Ke6 31. e4 Bf6 32. e5 Be7 33. Be3 h4 34. Bf4 h3 35. Qd2 Bb4 36. Qc2 Qe4 37. Qxe4 dxe4 38. Kf2 Kd5 39. Ke3 Bc3 40. e6 Bxd4+ 0-1